| 000 | 01223cam a22003013a 4500 | ||
|---|---|---|---|
| 001 | 13202 | ||
| 003 | PGUSA | ||
| 005 | 20140828083302.0 | ||
| 008 | 040817s2004||||xxu|||||s|||||000 | eng d | ||
| 040 |
_aPGUSA _beng |
||
| 042 | _adc | ||
| 050 | 4 | _aE456 | |
| 100 | 1 |
_aWatkins, Samuel R. _q(Samuel Rush) |
|
| 245 | 1 | 0 |
_a"Co. Aytch," Maury Grays, First Tennessee Regiment : _bOr, A Side Show of the Big Show _h[electronic resource] / _cSamuel R. Watkins |
| 260 |
_bProject Gutenberg, _c2004 |
||
| 506 | _aPublic domain in the USA. | ||
| 516 | _aElectronic text | ||
| 653 | _aTennessee -- History -- Civil War, 1861-1865 -- Regimental histories | ||
| 653 | _aWatkins, Samuel R. (Samuel Rush) | ||
| 653 | _aUnited States -- History -- Civil War, 1861-1865 -- Regimental histories | ||
| 653 | _aTennessee -- History -- Civil War, 1861-1865 -- Personal narratives | ||
| 653 | _aConfederate States of America. Army. Tennessee Infantry Regiment, 1st. Company H | ||
| 653 | _aUnited States -- History -- Civil War, 1861-1865 -- Personal narratives, Confederate | ||
| 653 | _aSoldiers -- Tennessee -- Biography | ||
| 830 | 0 |
_aProject Gutenberg _v13202 |
|
| 856 | 4 | 0 | _uhttp://www.gutenberg.org/ebooks/13202 |
| 942 | _cEB | ||
| 999 |
_c242457 _d242457 |
||